Biggest Cities in Northern Australia - Statistics

General Stats
  • This quiz has been taken 14 times
  • The average score is 6 of 15
Answer Stats
Population City % Correct
122,207 Darwin
100%
153,181 Cairns
67%
80,455 Mackay
50%
63,151 Rockhampton
50%
173,724 Townsville
50%
14,660 Broome
42%
17,013 Karratha
42%
17,936 Mount Isa
42%
15,298 Port Hedland
42%
10,646 Airlie Beach-Cannonvale
33%
14,089 Emerald
33%
18,789 Yeppoon
25%
9,612 Bowen
17%
11,534 Gracemere
17%
8,899 Moranbah
17%
No matching quizzes found
Score Distribution
Percent of People with Each Score
Percentile by Number Answered
Your Score History
You have not taken this quiz